Svatý Benedikt

Titel: Svatý Benedikt : 480 - 1980 / Křesťanská Akademie
Körperschaft:
Veröffentlicht: Řím, 1980
Umfang: 188 S. : Ill.
Format: Buch
Sprache: Tschechisch
Schriftenreihe/
mehrbändiges Werk:
Náboženská edice Křest'anské Akademie v Římě ; 66
Kein Bild verfügbar
X
Lokale Klassifikation: 2 B 1436 ; 23 11 F ; 23 7 C
alg: 10650995
001A    $03004:14-08-02 
001B    $01999:19-05-23 $t21:45:24.000 
001D    $03004:14-08-02 
001U    $0utf8 
001X    $00 
002@    $0Aau 
003@    $0106509950 
003O    $010330549 $aOCoLC 
007A    $0106509950 $aHEB 
007T    $0Herdhh106509950 
010@    $acze 
011@    $a1980 
013H    $0z 
021A    $aSvatý Benedikt $d480 - 1980 $hKřesťanská Akademie 
029F    $#Křeštanská Akademie Rom $#Křesťanská Akademie v Římě $#Křesťanská Akademie Roma $#Accademia Cristiana Cecoslovacca Roma $#Tschechoslowakische Christliche Akademie Roma $#Křesťanská akademie v Římě $#Křesťanská akademie Řím $#Krestanská akademie Rome, Italy $71000005-7 $8Accademia Cristiana$gRom [Tb1] $9041866320 
033A    $pŘím 
034D    $a188 S. 
034M    $aIll. 
036E    $aNáboženská edice Křest'anské Akademie v Římě $l66 
036F    $x266 $8Náboženská edice Křest'anské Akademie v Římě $9054062144 $l66 
045F    $a200.94371 $eDDC23BSB 
045F/01 $a200.9 
045F/03 $g4371 
045G    $a900.9437109021 $eDDC23BSB 
045G/01 $a900 
045G/03 $f09021 
045G/03 $f09022 
045G/03 $g4371 

lok: 10650995 24
101B    $005-12-02 $t18:56:16.236 
101C    $014-08-02 
145Z/01 $a2 B 1436 
145Z/02 $a23 11 F 
145Z/03 $a23 7 C 
101U    $0utf8 

exp: 10650995 24 1 #EPN
201B/01 $014-03-12 $t11:45:25.000 
201C/01 $014-08-02 
201U/01 $0utf8 
203@/01 $0174281293 
208@/01 $a14-08-02 $br 
209A/01 $a2 B 1436 $du $f050 $h2 B 1436 $x00 
209C/01 $aK 84.4796 $h84 4796 K 
209G/01 $a70518341 $x00 
244Z/01 $#Benedikt  $#Benedictus  $#Benedictus  $#Benedetto  $#Benedetto  $#Benedict  $#Benedictus  $#Benedictus  $#Benedictus  $#Benedictus de Nursia $#Benoît  $#Nursia, Benedictus de $#Nursia, Benedict of $#Nursia, Benediktus von $#Benedict  $#Benedetto  $#Benedetto  $#Benedictus  $#Benedictus  $#Benoit  $#Benet  $#Benoist  $#Benoist  $#Benedictus  $#Benet  $#Benet  $#Venedikt $#Benedictus von Nursia $#Benediktus $#Benediktus  $#Benedictus $#Benedict  $#Benedictus  $#Benedictus  $#Nursia, Benedikt von $#Benedikt  $#Benediktus  $#Benoît  $#Benito  $#Benedictus  $#Benedictus  $#Benedictus  $#Benediktus $#Benoît  $#Benoît  $#Benet  $#Claromontanus, Benedictus $#Benoist  $#Benedetto de Norcia $#Benedetto Santo $#Benedetto $#Benedict of Monte Cassino $#Benedictus Casinensis $#Benedictus de Nursia $#Benedictus Sanctus $#Benedikt d. Heilige $#Benedikt von Nursia $#Saint-Beno^it $#San Benedetto $#Bento, Sāo $#Beno^it, Saint $#Benedetto, San $#Benedikt, Sankt $#Benet, St. $#Bendedictus  $#Nursia, Benediktus von $#Benediktus  $#Benedikt  $7118508911 $8--Tp1--$PBenedikt$lMontecassino, Abt, Heiliger$Z480-547 $x01 $9086850040 
247C/01 $8358050-7 Marburg, Bibliothek des Herder-Instituts Marburg $9102600961 

lok: 10650995 78

exp: 10650995 78 1 #EPN
201B/01 $025-11-17 $t23:27:46.000 
201U/01 $0utf8 
203@/01 $0794084230 
208@/01 $a12-11-16 $be 
209A/01 $a/ $f000 $x00 
237A/01 $aweiterführende Signatur(en): Herder-Institut: 2 B 1436 
244Z/01 $#Tschechien $#Tschechische Republik $#Tschechische Republik $#Tschechenland $#Tschechei Tschechien $#Česká Republika $#Czech Republic $#ČR $74303381-7 $8--Tg1--Tschechien $x01 $9086659812 
244Z/01 $2Trx $#Böhmen $#Bohemia $#Czechy $8--Trx--Čechy $x02 $9391188941 
245Z/01 $a10.02.02.01 $x01 
247C/01 $82080>Marburg/Lahn, Herder-Institut, Forschungsbibliothek, Bibliographieportal $9336309341
LEADER 00000cam a2200000 c 4500
001 106509950
003 DE-603
005 20230519214524.0
007 tu
008 020814s1980 xx |||| | u00||u|cze c
035 |a (DE-599)HEB106509950 
035 |a (OCoLC)10330549 
040 |a DE-603  |b ger  |c DE-603  |d DE-603 
041 |a cze 
082 0 4 |8 1\u  |a 200.94371  |q DE-101  |2 23/BSB 
083 0 |8 2\u  |a 900.9437109021  |q DE-101  |2 23/BSB 
085 |8 1\u  |b 200.9 
085 |8 1\u  |z 2  |s 4371 
085 |8 2\u  |b 900 
085 |8 2\u  |z 1  |s 09021 
085 |8 2\u  |z 1  |s 09022 
085 |8 2\u  |z 2  |s 4371 
245 0 0 |a Svatý Benedikt  |b 480 - 1980  |c Křesťanská Akademie 
264 1 |a Řím  |c 1980 
300 |a 188 S.  |b Ill. 
490 1 |a Náboženská edice Křest'anské Akademie v Římě  |v 66 
710 2 |a Accademia Cristiana  |g Rom  |0 (DE-603)041866320  |0 (DE-588)1000005-7  |2 gnd 
810 2 2 |a Accademia Cristiana  |g Rom  |t Náboženská edice Křest'anské Akademie v Římě  |v 66  |w (DE-603)054062144  |w (DE-600)2810765-2  |9 266  |7 as 
924 0 |9 Mb 50  |a (DE-603)174281293  |b DE-Mb50  |c HES  |d c  |g 2 B 1436 
924 0 |9 2080  |a (DE-603)794084230  |b DE-2080  |c HES  |d d  |g /